[Event "ROM-ch U14"]
[Site "Mamaia"]
[Date "2021.04.10"]
[Round "5"]
[White "Voicu, Mihai"]
[Black "Toma, Iustin"]
[Result "1/2-1/2"]
[WhiteElo "1621"]
[BlackElo "1231"]
[PlyCount "102"]
[EventDate "2021.04.07"]
[EventType "swiss"]
[EventRounds "9"]
[EventCountry "ROU"]
[SourceTitle "EXT 2022"]
[Source "ChessBase"]
[SourceDate "2021.10.06"]
[SourceVersion "1"]
[SourceVersionDate "2021.10.06"]
[SourceQuality "1"]

1. c4 e6 2. Nc3 f5 3. d4 Nf6 4. g3 Be7 5. Bg2 0-0 6. e4 d6 7. Nge2 Qe8 8. Bg5 h6 9. Bxf6 Bxf6 10. 0-0 Nc6 11. Re1 e5 12. d5 Nd8 13. Qc2 Be7 14. Bh3 f4 15. Bxc8 Rxc8 16. Kh1 Qh5 17. Ng1 Rf6 18. Qd1 f3 19. Re3 g5 20. Rxf3 g4 21. Rxf6 Bxf6 22. h3 Nf7 23. Qxg4+ Qxg4 24. hxg4 Kh7 25. Kg2 Rg8 26. f3 Nh8 27. Nge2 Ng6 28. Nb5 a6 29. Nxc7 Rc8 30. Ne6 Rxc4 31. Rc1 Rb4 32. b3 Kg8 33. Kh3 Bg5 34. Nxg5 hxg5 35. Rc4 Rb6 36. Kg2 Nf8 37. f4 gxf4 38. gxf4 exf4 39. Nxf4 Nd7 40. Rc8+ Kf7 41. Rc7 Ke8 42. Ne6 Ne5 43. g5 Rb4 44. Rc8+ Kd7 45. Rc7+ Ke8 46. Kf2 Rxe4 47. Rxb7 Rh4 48. a4 a5 49. Ke2 Re4+ 50. Kd2 Nc4+ 51. bxc4 Re2+ 1/2-1/2

[Event "ROM-ch U14"]
[Site "Mamaia"]
[Date "2021.04.07"]
[Round "1"]
[White "Voicu, Mihai"]
[Black "Cnejev, Vladimir Alexandru"]
[Result "0-1"]
[WhiteElo "1621"]
[BlackElo "2172"]
[PlyCount "55"]
[EventDate "2021.04.07"]
[EventType "swiss"]
[EventRounds "9"]
[EventCountry "ROU"]
[SourceTitle "EXT 2022"]
[Source "ChessBase"]
[SourceDate "2021.10.06"]
[SourceVersion "1"]
[SourceVersionDate "2021.10.06"]
[SourceQuality "1"]

1. c4 e6 2. Nf3 d5 3. d4 Nf6 4. g3 Be7 5. Bg2 0-0 6. Nc3 b6 7. Ne5 Bb7 8. Bf4 Na6 9. 0-0 c5 10. a3 Qe8 11. Re1 Rd8 12. dxc5 Nxc5 13. Qc2 dxc4 14. Nxc4 Bxg2 15. Kxg2 Qc6+ 16. e4 Nd3 17. Ne5 Nxe1+ 18. Rxe1 Qb7 19. Qa4 Rc8 20. Bg5 Rfd8 21. Nb5 a6 22. Nc3 Rc5 23. Nf3 b5 24. Qa5 Rd3 25. Re3 Rd7 26. e5 Bd8 27. Qb4 Rc4 28. Qb3 0-1